[Event "WCC"]
[Site "Khanty Mansyisk RUS"]
[Date "2005.11.30"]
[Round "2.1"]
[White "Cao Sang"]
[Black "Xu Jun"]
[Result "1/2-1/2"]
[WhiteElo "2488"]
[BlackElo "2582"]
[EventDate "2005.11.27"]

1. e4 c5 2. Nf3 e6 3. Nc3 d6 4. g3 Nc6 5. Bg2 Nf6 6. O-O Be7 7. d4 cxd4 8.
Nxd4 Bd7 9. Nce2 e5 10. Nb5 O-O 11. Bg5 Be6 12. a4 a6 13. Nbc3 Qc7 14. Qd2
h6 15. Bxf6 Bxf6 16. Rfd1 Rfd8 17. Nd5 Bxd5 18. Qxd5 Nd4 19. Nxd4 exd4 20.
Qb3 Rac8 21. Rd2 Qa5 22. Rdd1 Rc7 23. Bf1 d5 24. exd5 Qxd5 25. Qxd5 1/2-1/2

[Event "WCC"]
[Site "Khanty Mansyisk RUS"]
[Date "2005.11.30"]
[Round "2.1"]
[White "Gurevich,M"]
[Black "Eljanov,P"]
[Result "0-1"]
[WhiteElo "2652"]
[BlackElo "2663"]
[EventDate "2005.11.27"]

1. d4 Nf6 2. c3 e6 3. Bg5 c5 4. e3 Nc6 5. Nd2 cxd4 6. exd4 Be7 7. Ngf3 b6
8. Bd3 Bb7 9. O-O O-O 10. Re1 Nd5 11. Bxe7 Ncxe7 12. Ne4 Qc7 13. Bf1 Nf5
14. Ne5 d6 15. Nf3 Rad8 16. Qd2 Bc6 17. Rad1 Qb7 18. Bd3 b5 19. Qg5 h6 20.
Qg4 Nfe7 21. Qg3 Nf5 22. Qg4 Nfe7 23. Qg3 Qd7 24. h4 Ng6 25. Qh2 f5 26.
Ned2 Ngf4 27. Bf1 Nh5 28. Nb3 Rf6 29. Nc1 Ndf4 30. Nd3 Bxf3 31. gxf3 Rg6+
32. Kh1 Qb7 33. Re3 Nd5 34. Ree1 Ndf4 35. Re3 Rg4 36. Ne1 g5 37. hxg5 hxg5
38. Ng2 Nxg2 39. fxg4 Nxe3+ 40. Kg1 Nxd1 41. Qxh5 Rf8 42. gxf5 Nxf2 43.
Bxb5 Nh3+ 0-1

[Event "WCC"]
[Site "Khanty Mansyisk RUS"]
[Date "2005.11.30"]
[Round "2.1"]
[White "Ganguly,S"]
[Black "Pantsulaia,L"]
[Result "1/2-1/2"]
[WhiteElo "2562"]
[BlackElo "2578"]
[EventDate "2005.11.27"]

1. e4 c6 2. d4 d5 3. Nd2 dxe4 4. Nxe4 Bf5 5. Ng3 Bg6 6. h4 h6 7. Nf3 Nd7 8.
h5 Bh7 9. Bd3 Bxd3 10. Qxd3 e6 11. Bd2 Ngf6 12. O-O-O Qc7 13. Ne4 O-O-O 14.
g3 Nxe4 15. Qxe4 Nf6 16. Qe2 Bd6 17. Kb1 Rd7 18. c4 c5 19. Ne5 Bxe5 20.
dxe5 Ng8 21. Qf3 Ne7 22. Qxf7 Qc6 23. Bc1 Rhd8 24. Rde1 Nf5 25. Qg6 Qf3 26.
g4 Nd4 27. Be3 Kb8 28. a3 a5 29. Ka2 a4 30. Rd1 Qe2 31. Rd3 Nc6 32. Rxd7
Qxc4+ 33. Ka1 Rxd7 34. Rc1 Qb3 35. Bxc5 Rd2 36. Qe8+ Kc7 37. Qf7+ Kb8 38.
Qe8+ Kc7 39. Qf7+ Kb8 40. Qf8+ Nd8 41. Rb1 Rd1 42. Bd6+ Kc8 43. Qf4 Nc6 44.
Qf8+ Nd8 45. Qxg7 1/2-1/2

[Event "WCC"]
[Site "Khanty Mansyisk RUS"]
[Date "2005.11.30"]
[Round "2.1"]
[White "Balogh,C"]
[Black "Areshchenko,A"]
[Result "1/2-1/2"]
[WhiteElo "2567"]
[BlackElo "2653"]
[EventDate "2005.11.27"]

1. e4 c5 2. Nf3 d6 3. d4 cxd4 4. Nxd4 Nf6 5. Nc3 a6 6. Be3 e5 7. Nf3 Be7 8.
Bc4 Be6 9. Qe2 O-O 10. O-O Bxc4 11. Qxc4 b5 12. Qd3 Nbd7 13. a3 Qc7 14.
Rfd1 Rfd8 15. Bg5 Nb6 16. Bxf6 Bxf6 17. Rac1 Rac8 18. Nd5 Nxd5 19. Qxd5 Qc4
20. c3 g6 21. Rc2 Kf8 22. Rcd2 Qxd5 23. Rxd5 Ke7 24. Ne1 Ke6 25. Nc2 Rc4
26. f3 1/2-1/2

[Event "WCC"]
[Site "Khanty Mansyisk RUS"]
[Date "2005.11.30"]
[Round "2.1"]
[White "Sutovsky,E"]
[Black "Timofeev,Arty"]
[Result "1/2-1/2"]
[WhiteElo "2654"]
[BlackElo "2658"]
[EventDate "2005.11.27"]

1. e4 c5 2. Nf3 Nc6 3. Bb5 d6 4. O-O Bd7 5. Re1 Nf6 6. c3 a6 7. Ba4 b5 8.
Bc2 Bg4 9. d3 e6 10. Nbd2 Be7 11. h3 Bh5 12. Nf1 Nd7 13. Ng3 Bg6 14. Ne2
O-O 15. Nf4 Nde5 16. Nh2 Rc8 17. Nxg6 Nxg6 18. Qh5 b4 19. Nf3 1/2-1/2

[Event "WCC"]
[Site "Khanty Mansyisk RUS"]
[Date "2005.12.01"]
[Round "2.2"]
[White "Ivanchuk,V"]
[Black "Cheparinov,I"]
[Result "1/2-1/2"]
[WhiteElo "2748"]
[BlackElo "2618"]
[EventDate "2005.11.27"]

1. d4 d5 2. c4 c6 3. Nf3 Nf6 4. e3 Bf5 5. Nc3 e6 6. Nh4 Bg6 7. Nxg6 hxg6 8.
Bd2 Nbd7 9. Rc1 Bd6 10. a3 a6 11. c5 Bc7 12. f4 g5 13. Bd3 gxf4 14. exf4
Ne4 15. Nxe4 dxe4 16. Bxe4 Nf6 17. Qf3 Nxe4 18. Qxe4 Qd5 19. Qxd5 exd5 20.
Kf2 f5 21. Rc3 Kf7 22. h3 g6 23. Rb3 Rab8 24. Re1 Rhe8 25. Re5 Bxe5 26.
fxe5 Re7 27. h4 Rh8 28. g3 Ke6 29. Ke2 Rf7 30. Bf4 Rb8 31. Rb6 Ra8 32. Kd3
a5 33. Bg5 Ra6 34. Rb3 a4 35. Rb4 Rd7 36. Ke3 Rh7 37. Kf4 Ra7 38. Bf6 Ra8
39. Kg5 Rf7 40. b3 axb3 41. Rxb3 Ra4 42. Rd3 Ra8 43. Rf3 Ra4 44. Rd3 Ra8
45. g4 fxg4 46. Kxg4 Rh7 47. Kg5 Rg8 48. Rb3 Rh5+ 49. Kg4 Rh7 50. a4 Ra8
51. Rb4 Rd7 52. Kg5 Kf7 53. Kh6 Rg8 54. Rb3 Rc7 55. a5 Ke6 56. Rg3 Kf7 57.
Rg2 Rd7 58. Ra2 Ke6 59. a6 bxa6 60. Rxa6 Rc7 61. Kg5 Kf7 62. h5 gxh5+ 63.
Kf5 Re8 64. Ra2 Rb7 65. Rg2 Kf8 66. Rh2 Rb1 67. Rxh5 Rf1+ 68. Kg6 Rg1+ 69.
Bg5 Kg8 70. Kf5 Rf1+ 71. Kg4 Rg1+ 1/2-1/2

[Event "WCC"]
[Site "Khanty Mansyisk RUS"]
[Date "2005.12.01"]
[Round "2.2"]
[White "Kempinski,R"]
[Black "Bacrot,E"]
[Result "1/2-1/2"]
[WhiteElo "2619"]
[BlackElo "2725"]
[EventDate "2005.11.27"]

1. c4 Nf6 2. Nc3 e5 3. Nf3 Nc6 4. d3 g6 5. e3 Bg7 6. Be2 d5 7. cxd5 Nxd5 8.
Qc2 O-O 9. O-O Ncb4 10. Qd2 c5 11. d4 exd4 12. exd4 cxd4 13. Nxd5 Nxd5 14.
Nxd4 Nf4 15. Qxf4 Qxd4 16. Bf3 Bf5 17. Qxd4 Bxd4 18. g4 Be6 19. Rd1 Rad8
20. Bh6 1/2-1/2

[Event "WCC"]
[Site "Khanty Mansyisk RUS"]
[Date "2005.12.01"]
[Round "2.2"]
[White "Lane,G"]
[Black "Jobava,Ba"]
[Result "1/2-1/2"]
[WhiteElo "2445"]
[BlackElo "2601"]
[EventDate "2005.11.27"]

1. e4 c6 2. d4 d5 3. Nd2 dxe4 4. Nxe4 Bf5 5. Ng3 Bg6 6. h4 h6 7. Nf3 Nd7 8.
h5 Bh7 9. Bd3 Bxd3 10. Qxd3 Ngf6 11. Bf4 Qa5+ 12. Bd2 Qc7 13. O-O-O e6 14.
Ne4 O-O-O 15. g3 Nxe4 16. Qxe4 Nf6 17. Qe2 Bd6 18. c4 c5 19. Bc3 cxd4 20.
Nxd4 a6 21. Kb1 Rd7 22. Rc1 Kb8 23. Nf3 Qc5 24. Ne5 Bxe5 25. Bxe5+ Kc8 26.
Rcd1 Rhd8 27. Rxd7 Rxd7 28. f4 Qa5 29. g4 Rd2 30. Qf3 Qd8 31. g5 Rd3 32.
Qe2 Rd2 33. Qf3 Rd3 34. Qe2 Rd2 1/2-1/2

[Event "WCC"]
[Site "Khanty Mansyisk RUS"]
[Date "2005.12.01"]
[Round "2.2"]
[White "Kazhgaleyev,M"]
[Black "Radjabov,T"]
[Result "0-1"]
[WhiteElo "2602"]
[BlackElo "2704"]
[EventDate "2005.11.27"]

1. d4 Nf6 2. Nf3 g6 3. c4 Bg7 4. Nc3 d6 5. Bg5 h6 6. Bh4 g5 7. Bg3 Nh5 8.
e3 e6 9. Qc2 Qe7 10. Be2 Nd7 11. Nd2 Nxg3 12. hxg3 c6 13. g4 a6 14. Nde4 d5
15. Ng3 Nf6 16. O-O-O b5 17. c5 e5 18. Nf5 Bxf5 19. Qxf5 Nd7 20. f3 exd4
21. exd4 Nf8 22. Rhe1 Ne6 23. Bf1 O-O-O 24. Kb1 Qd7 25. Ne2 Rde8 26. Qd3
Qc7 27. Rc1 Re7 28. Red1 Rhe8 29. Qd2 Nd8 30. Rc3 Ne6 31. Rd3 Nf4 32. Nxf4
gxf4 33. a4 Re3 34. axb5 axb5 35. Qc3 Bf6 36. Kc2 Qa7 37. Qa3 Qxa3 38. Rxa3
Rxa3 39. bxa3 Kc7 40. Bd3 Ra8 41. Rh1 Bg5 42. Re1 Kd8 43. Rd1 Rxa3 44. Kb2
b4 45. Bc2 Rc3 46. Rd2 Bf6 47. Bb3 Rxc5 48. Ka2 Rc3 49. Rd1 Ke7 50. Re1+
Re3 51. Rc1 Re2+ 0-1

[Event "WCC"]
[Site "Khanty Mansyisk RUS"]
[Date "2005.12.01"]
[Round "2.2"]
[White "Sokolov,Iv"]
[Black "Zhang Zhong"]
[Result "1-0"]
[WhiteElo "2696"]
[BlackElo "2598"]
[EventDate "2005.11.27"]

1. d4 g6 2. e4 Bg7 3. c3 d6 4. Nf3 Nd7 5. Bc4 e6 6. O-O Ne7 7. Re1 b6 8.
Bf4 h6 9. e5 d5 10. Bd3 g5 11. Bc1 c5 12. h4 g4 13. Nh2 h5 14. Bg5 Qc7 15.
Na3 a6 16. f4 f6 17. exf6 Nxf6 18. Nf1 cxd4 19. cxd4 O-O 20. Rc1 Qd6 21.
Ng3 Nc6 22. Nc2 Bd7 23. Re5 Be8 24. Qe2 Bf7 25. Bxf6 Bxf6 26. Nxh5 Bxh5 27.
Rxh5 Rf7 28. Qxg4+ Rg7 29. Bg6 Nxd4 30. Nxd4 Bxd4+ 31. Kh1 Rf8 32. Rh6 Qd7
33. f5 Be3 34. fxe6 Bxc1 35. exd7 Bxh6 36. Qe6+ 1-0

[Event "WCC"]
[Site "Khanty Mansyisk RUS"]
[Date "2005.12.01"]
[Round "2.2"]
[White "Efimenko,Z"]
[Black "Bologan,V"]
[Result "1-0"]
[WhiteElo "2637"]
[BlackElo "2682"]
[EventDate "2005.11.27"]

1. e4 e5 2. Nf3 Nc6 3. Bc4 Nf6 4. d3 Be7 5. O-O O-O 6. Re1 d6 7. a4 Kh8 8.
c3 Ng8 9. a5 a6 10. d4 Bg4 11. dxe5 Bxf3 12. Qxf3 Nxe5 13. Qe2 Nxc4 14.
Qxc4 f5 15. Nd2 fxe4 16. Qxe4 d5 17. Qd3 Nf6 18. Nf3 Ne4 19. Be3 Qd6 20.
Rad1 Rad8 21. Nd2 Nf6 22. Bd4 c5 23. Be5 Qc6 24. Nf3 Ng8 25. Rd2 Qa4 26.
Bc7 Rd7 27. Bb6 Bd6 28. Rde2 Nf6 29. Re6 Kg8 30. h3 h6 31. Ne5 Bxe5 32.
R6xe5 Qc6 33. Re6 Rd6 34. Re7 Ne4 35. f3 Rg6 36. fxe4 Qf6 37. Bxc5 1-0

[Event "WCC"]
[Site "Khanty Mansyisk RUS"]
[Date "2005.12.01"]
[Round "2.2"]
[White "Lautier,J"]
[Black "Ivanov,AV USA"]
[Result "1/2-1/2"]
[WhiteElo "2680"]
[BlackElo "2589"]
[EventDate "2005.11.27"]

1. d4 Nf6 2. c4 e6 3. Nf3 b6 4. g3 Ba6 5. Qa4 Be7 6. Bg2 O-O 7. Nc3 c6 8.
Bf4 d6 9. O-O b5 10. cxb5 cxb5 11. Qb3 Nbd7 12. Nxb5 Rb8 13. a4 Nd5 14.
Rfc1 Nxf4 15. gxf4 Nf6 16. Qc2 Bxb5 17. axb5 Rxb5 18. Rxa7 Nd5 19. Qd2 Qb6
20. Ra2 Rb8 21. e3 Nb4 22. Ra4 Nd5 23. Ra2 1/2-1/2

[Event "WCC"]
[Site "Khanty Mansyisk RUS"]
[Date "2005.12.01"]
[Round "2.2"]
[White "Wang Yue"]
[Black "Smirin,I"]
[Result "1/2-1/2"]
[WhiteElo "2585"]
[BlackElo "2673"]
[EventDate "2005.11.27"]

1. d4 d6 2. c4 e5 3. Nc3 exd4 4. Qxd4 Nf6 5. Bg5 Be7 6. Nf3 Nc6 7. Qd2 Bf5
8. e3 Ne4 9. Qd5 Nxg5 10. Qxf5 O-O 11. Nd5 Nxf3+ 12. gxf3 g6 13. Qc2 Ne5
14. Be2 Bh4 15. f4 Nd7 16. O-O c6 17. Nc3 Qe7 18. Rad1 Rfd8 19. Rd2 a5 20.
a3 Bf6 21. Ne4 Bxb2 22. Qxb2 Qxe4 23. Rd4 Qe8 24. Qxb7 Nc5 25. Qb1 Rab8 26.
Qa2 a4 27. Bf3 Rb6 28. Rfd1 Qe7 29. Qc2 Qf6 30. Rb1 Rb3 31. Bxc6 Rxa3 32.
Rbd1 Ne6 33. R4d2 Nc5 34. Rd4 Qe6 35. Bd5 Qf5 36. Qxf5 gxf5 37. Bf3 Rc3 38.
Rxd6 Rxd6 39. Rxd6 a3 40. Rd8+ Kg7 41. Ra8 Nd3 42. Ra4 Nxf4 1/2-1/2

[Event "WCC"]
[Site "Khanty Mansyisk RUS"]
[Date "2005.12.01"]
[Round "2.2"]
[White "Harikrishna,P"]
[Black "Vescovi,G"]
[Result "1-0"]
[WhiteElo "2673"]
[BlackElo "2646"]
[EventDate "2005.11.27"]

1. e4 e5 2. Nf3 Nc6 3. Bb5 a6 4. Ba4 Nf6 5. O-O Be7 6. Re1 b5 7. Bb3 d6 8.
c3 O-O 9. h3 Bb7 10. d4 Re8 11. Nbd2 Bf8 12. a4 h6 13. Bc2 exd4 14. cxd4
Nb4 15. Bb1 c5 16. d5 Nd7 17. Ra3 f5 18. Nh2 Nf6 19. Rf3 Re5 20. Rxf5 Rxf5
21. exf5 Bxd5 22. Ng4 bxa4 23. Ne4 Be7 24. Nexf6+ Bxf6 25. Bd2 Bb3 26. Qf3
Rb8 27. Bxh6 Qf8 28. Qg3 Bxb2 29. Bxg7 Bxg7 30. f6 Nd5 31. f7+ 1-0

[Event "WCC"]
[Site "Khanty Mansyisk RUS"]
[Date "2005.12.01"]
[Round "2.2"]
[White "Sakaev,K"]
[Black "Erenburg,S"]
[Result "1/2-1/2"]
[WhiteElo "2668"]
[BlackElo "2582"]
[EventDate "2005.11.27"]

1. d4 d5 2. c4 c6 3. Nf3 Nf6 4. Nc3 a6 5. e3 e6 6. Qc2 c5 7. cxd5 exd5 8.
Be2 Nc6 9. O-O Be6 10. Rd1 Nb4 11. Qd2 Ne4 12. Nxe4 dxe4 13. a3 exf3 14.
Bxf3 Nc6 15. d5 Ne5 16. dxe6 Nxf3+ 17. gxf3 fxe6 18. Qc2 Bd6 19. Qe4 Bxh2+
20. Kxh2 Qxd1 21. Qxe6+ Kf8 22. Qf5+ Kg8 23. Qe6+ 1/2-1/2

[Event "WCC"]
[Site "Khanty Mansyisk RUS"]
[Date "2005.12.01"]
[Round "2.2"]
[White "Xu Jun"]
[Black "Cao Sang"]
[Result "1-0"]
[WhiteElo "2582"]
[BlackElo "2488"]
[EventDate "2005.11.27"]

1. Nf3 Nf6 2. c4 b6 3. Nc3 Bb7 4. d4 e6 5. a3 d5 6. cxd5 exd5 7. g3 Bd6 8.
Bg2 O-O 9. O-O Re8 10. Nh4 Nbd7 11. Nf5 Bf8 12. Ne3 c6 13. b4 Ne4 14. Nxe4
dxe4 15. Qb3 Nf6 16. Bb2 a5 17. bxa5 Rxa5 18. a4 Rh5 19. Rfb1 Ba6 20. Bc3
b5 21. axb5 Bxb5 22. Ra7 Nd5 23. Nxd5 Qxd5 24. Qxd5 Rxd5 25. e3 f5 26. Bf1
Rc8 27. Rb7 Bxf1 28. Kxf1 c5 29. Ra1 cxd4 30. Bxd4 Rdd8 31. Ra5 g6 32. Raa7
Ra8 33. Rxh7 Rxa7 34. Rxa7 Re8 35. h4 Re7 36. Ra6 Kh7 37. h5 gxh5 38. Rf6
Bg7 39. Rxf5 Bxd4 40. exd4 Kg6 41. Rd5 e3 42. f4 e2+ 43. Ke1 Re4 44. Rg5+
Kh6 45. d5 h4 46. gxh4 Rxf4 47. Kxe2 Rxh4 48. Rg3 Rd4 49. Rd3 Re4+ 50. Kf3
Re8 51. Re3 Rd8 52. Ke4 Kg6 53. Rf3 Kg7 54. Ke5 Ra8 55. Ke6 1-0

[Event "WCC"]
[Site "Khanty Mansyisk RUS"]
[Date "2005.12.01"]
[Round "2.2"]
[White "Moiseenko,A"]
[Black "Van Wely,L"]
[Result "1/2-1/2"]
[WhiteElo "2663"]
[BlackElo "2648"]
[EventDate "2005.11.27"]

1. d4 Nf6 2. c4 g6 3. f3 Bg7 4. e4 d6 5. Nc3 O-O 6. Bg5 c5 7. d5 h6 8. Bf4
Qa5 9. Qd2 Kh7 10. h4 Nbd7 11. g4 Ne5 12. h5 g5 13. Bxe5 dxe5 14. Bd3 Ne8
15. Nge2 Bd7 16. Nd1 Qxd2+ 17. Kxd2 Nd6 18. Ne3 e6 19. Nc3 a6 20. a4 a5 21.
Nb5 Bxb5 22. cxb5 b6 23. Ke2 Rfe8 24. Rad1 Bf8 25. Bc4 Kg7 26. Rd2 Kf6 27.
Rhd1 Red8 28. Kd3 Ke7 29. Kc3 Rab8 30. Ba2 Bg7 31. Kc2 Bf8 32. Rd3 Bg7 33.
R3d2 Bf8 34. Bc4 Bg7 35. Bb3 Bf8 36. Ba2 1/2-1/2

[Event "WCC"]
[Site "Khanty Mansyisk RUS"]
[Date "2005.12.01"]
[Round "2.2"]
[White "Eljanov,P"]
[Black "Gurevich,M"]
[Result "0-1"]
[WhiteElo "2663"]
[BlackElo "2652"]
[EventDate "2005.11.27"]

1. d4 d6 2. c4 f5 3. Nf3 g6 4. b4 Bg7 5. Bb2 Nh6 6. e3 O-O 7. Be2 Nf7 8.
O-O e5 9. dxe5 dxe5 10. Nbd2 Be6 11. c5 Qe7 12. Nc4 Nd7 13. a3 Rad8 14. Qc2
Bd5 15. Nfd2 Nf6 16. f3 b6 17. e4 Be6 18. Rfd1 Nh5 19. Ne3 Qg5 20. Ndf1 Nf4
21. Rxd8 Nxd8 22. exf5 gxf5 23. Bc4 bxc5 24. bxc5 e4 25. fxe4 Bxb2 26.
Bxe6+ Ndxe6 27. Qxb2 fxe4 28. Qb3 Qxc5 29. Ng3 Rd8 30. Ngf5 Rd3 31. Qb8+
Kf7 32. Re1 Ng7 33. Qb4 Qxb4 34. axb4 Nxf5 35. Nxf5 Kf6 36. Ne3 Ke5 37. g3
Nd5 38. Ng4+ Kf5 39. Nh6+ Kg6 40. Ng4 Kf5 41. Nh6+ Ke5 42. Ng4+ Kd4 43. Nf2
Re3 44. Rd1+ Kc4 45. Ng4 Rd3 46. Ne5+ Kc3 47. Nxd3 exd3 48. Kf2 Kc2 49. Ke1
Nxb4 50. Rd2+ Kb3 51. Rd1 Kc2 52. Rd2+ Kc3 53. Kd1 a5 54. Rf2 a4 55. Rf7
Nd5 56. Rf2 a3 0-1

[Event "WCC"]
[Site "Khanty Mansyisk RUS"]
[Date "2005.12.01"]
[Round "2.2"]
[White "Shulman,Y"]
[Black "Khalifman,A"]
[Result "1-0"]
[WhiteElo "2565"]
[BlackElo "2653"]
[EventDate "2005.11.27"]

1. d4 Nf6 2. c4 e6 3. Nc3 Bb4 4. e3 c5 5. Nge2 cxd4 6. exd4 O-O 7. a3 Be7
8. d5 exd5 9. cxd5 Bc5 10. Na4 b6 11. b4 Bd6 12. Nec3 Be5 13. Be2 Ba6 14.
Ra2 Qc7 15. Rc2 Bxc3+ 16. Nxc3 Bxe2 17. Nxe2 Qe5 18. O-O Qxd5 19. Rd2 Qf5
20. Ng3 Qg6 21. Rd6 Nc6 22. Bb2 Rae8 23. Bxf6 gxf6 24. Nh5 Re6 25. Rxd7 Re5
26. Nf4 Qf5 27. Nd5 Kh8 28. Ne3 Qe4 29. Qd6 Kg7 30. Rc1 Re6 31. Qd1 Kh8 32.
Rc4 Qe5 33. Rd5 Qb2 34. Rh4 Ne5 35. Rd2 Qc3 36. Qh5 1-0

[Event "WCC"]
[Site "Khanty Mansyisk RUS"]
[Date "2005.12.01"]
[Round "2.2"]
[White "Areshchenko,A"]
[Black "Balogh,C"]
[Result "1-0"]
[WhiteElo "2653"]
[BlackElo "2567"]
[EventDate "2005.11.27"]

1. e4 c5 2. Nf3 d6 3. d4 cxd4 4. Nxd4 Nf6 5. Nc3 Nc6 6. Bc4 e6 7. Be3 Be7
8. Qe2 Bd7 9. O-O-O Rc8 10. Bb3 Na5 11. f3 O-O 12. g4 Nxb3+ 13. axb3 Qa5
14. Kb1 Ne8 15. h4 Nc7 16. Bg5 f6 17. Bd2 Qa6 18. Qg2 Qb6 19. Be3 Qa5 20.
g5 f5 21. exf5 exf5 22. Bf4 Rfe8 23. h5 Bf8 24. Rhg1 g6 25. Qh2 Bg7 26.
Bxd6 Nd5 27. Nxd5 Qxd5 28. Rh1 Kf7 29. Qf4 Rcd8 30. hxg6+ hxg6 31. c4 Qa5
32. Bc7 Qc5 33. Bxd8 Rxd8 34. Rh7 Re8 35. Qh2 Qe5 36. f4 Qe4+ 37. Nc2 Bc6
38. Qh6 1-0

[Event "WCC"]
[Site "Khanty Mansyisk RUS"]
[Date "2005.12.01"]
[Round "2.2"]
[White "Amonatov,F"]
[Black "Carlsen,M"]
[Result "1/2-1/2"]
[WhiteElo "2572"]
[BlackElo "2570"]
[EventDate "2005.11.27"]

1. e4 c6 2. d4 d5 3. e5 Bf5 4. Nc3 e6 5. g4 Bg6 6. Nge2 c5 7. Be3 cxd4 8.
Nxd4 Bb4 9. Qd2 Nd7 10. a3 Qa5 11. Rb1 Bxc3 12. bxc3 a6 13. Rxb7 Qxa3 14.
c4 Nxe5 15. f3 Nf6 16. g5 Nfd7 17. cxd5 O-O 18. dxe6 fxe6 19. Be2 Qa1+ 20.
Qc1 Qa5+ 21. Qd2 Qa1+ 22. Qc1 Qa5+ 23. Qd2 Qa1+ 24. Qc1 1/2-1/2

[Event "WCC"]
[Site "Khanty Mansyisk RUS"]
[Date "2005.12.02"]
[Round "2.6"]
[White "Tiviakov,S"]
[Black "Korneev,O"]
[Result "1/2-1/2"]
[WhiteElo "2700"]
[BlackElo "2601"]
[EventDate "2005.11.27"]

1. e4 e5 2. Nf3 Nc6 3. Bc4 Bc5 4. c3 Nf6 5. d3 a6 6. Bb3 Ba7 7. O-O d6 8.
Be3 O-O 9. Nbd2 h6 10. h3 Re8 11. Re1 Bxe3 12. fxe3 Be6 13. Bc2 Ne7 14. Nh4
c6 15. Qf3 d5 16. exd5 cxd5 17. Qg3 Nf5 18. Nxf5 Bxf5 19. Qf2 Bg6 20. Nf1
b5 21. Ng3 Qd7 22. Rad1 a5 23. a3 b4 24. axb4 axb4 25. d4 bxc3 26. Bxg6
fxg6 27. dxe5 Rxe5 28. bxc3 Qe7 29. Rd3 Re8 30. Qf4 Kh7 31. Qd4 Rc8 32. Qb4
Qa7 33. Qd4 Qe7 34. Qb4 Rc5 35. Qb6 Rc7 36. Qb4 Rc5 37. Qb6 Re6 38. Qb8
Rec6 39. Ne2 Qe4 40. Qb1 Rc8 41. Qd1 Qe5 42. Nf4 g5 43. Ne2 Ne4 44. Rd4 Kh8
45. Qd3 Nxc3 46. Nxc3 Rxc3 47. Rxd5 Rxd3 48. Rxe5 Rd2 49. Re4 Rcc2 50. Rg4
Kh7 51. e4 Kg6 52. Rg3 h5 53. e5 Re2 54. Kf1 Rf2+ 55. Kg1 Rfe2 56. Kf1 Rf2+
57. Kg1 Rce2 58. Rd1 Rf5 59. Rgd3 Rfxe5 60. R3d2 R2e4 61. Rd4 Rf4 62. Rd5
Re2 63. R5d2 Re6 64. Rd6 Ref6 65. Rd7 g4 66. hxg4 Rxg4 67. R7d6 Rgf4 68.
Rxf6+ Rxf6 69. Rd7 Kh6 70. Kh2 g5 71. Kg3 Ra6 72. Rc7 Ra3+ 73. Kh2 h4 74.
Rc6+ Kh5 75. Rc4 Ra1 76. Rc8 Ra5 77. Rh8+ Kg4 78. Rf8 Ra2 79. Rh8 Rf2 80.
Rh7 Rf8 81. Rh6 Ra8 82. Rh7 Ra3 83. Rf7 Kh5 84. Rh7+ Kg6 85. Rh8 Kg7 86.
Rc8 Ra1 87. Rc6 Kf7 88. Rb6 Re1 89. Rh6 Kg7 90. Rb6 g4 91. Rb4 g3+ 92. Kh3
Rh1+ 93. Kg4 Rh2 94. Rb6 Rh1 95. Ra6 h3 96. Kxg3 hxg2 97. Kxg2 1/2-1/2

[Event "WCC"]
[Site "Khanty Mansyisk RUS"]
[Date "2005.12.03"]
[Round "3.1"]
[White "Sutovsky,E"]
[Black "Bacrot,E"]
[Result "1/2-1/2"]
[WhiteElo "2654"]
[BlackElo "2725"]
[EventDate "2005.11.27"]

1. e4 e5 2. Nf3 Nc6 3. Nc3 Nf6 4. Bb5 Nd4 5. Bc4 d6 6. Nxd4 exd4 7. Nd5 Nd7
8. O-O c6 9. Nf4 b5 10. Be2 g6 11. c3 Bh6 12. d3 Bg7 13. Qc2 dxc3 14. bxc3
O-O 15. d4 Nb6 16. Be3 Bd7 17. Rfd1 Re8 18. Rab1 Rc8 19. Bd3 a6 20. Ne2 c5
21. Qd2 Be6 22. d5 Bd7 23. Bg5 Qc7 24. h4 Na4 25. h5 Qa5 26. Rbc1 b4 27.
cxb4 cxb4 28. a3 Nb2 29. h6 Be5 30. axb4 Qa3 31. Bb1 Nxd1 32. Rxd1 Qb2 33.
Qe3 Ba4 34. Rf1 Bb5 35. Bd3 Bxd3 36. Qxd3 Qxb4 37. f4 Bh8 38. e5 f6 39.
exf6 Qc4 40. Qxc4 Rxc4 41. Rb1 Rc7 42. Nd4 Rf7 43. Rb6 Bxf6 44. Bxf6 Rxf6
45. Ne6 Ra8 46. Ng5 Rf5 47. Rxd6 Ra7 48. Ne6 a5 49. g4 Rf8 50. Nxf8 Kxf8
51. Re6 Kf7 52. Re2 a4 53. d6 a3 54. Kg2 g5 55. fxg5 Kg6 56. Rd2 a2 57. d7
Ra8 58. d8=Q Rxd8 59. Rxa2 Kxg5 60. Ra7 Kxh6 61. Kg3 Kg6 1/2-1/2

[Event "WCC"]
[Site "Khanty Mansyisk RUS"]
[Date "2005.12.03"]
[Round "3.1"]
[White "Shulman,Y"]
[Black "Grischuk,A"]
[Result "1/2-1/2"]
[WhiteElo "2565"]
[BlackElo "2720"]
[EventDate "2005.11.27"]

1. d4 Nf6 2. c4 e6 3. Nc3 Bb4 4. e3 O-O 5. Nge2 d5 6. a3 Be7 7. Nf4 c6 8.
Bd3 Bd6 9. O-O dxc4 10. Bxc4 Nbd7 11. Ba2 e5 12. Nh5 Nxh5 13. Qxh5 Nf6 14.
Qh4 Bf5 15. Qg5 g6 16. dxe5 Bxe5 17. e4 h6 18. Qxh6 Nxe4 1/2-1/2

[Event "WCC"]
[Site "Khanty Mansyisk RUS"]
[Date "2005.12.05"]
[Round "3.4"]
[White "Van Wely,L"]
[Black "Radjabov,T"]
[Result "1-0"]
[WhiteElo "2648"]
[BlackElo "2704"]
[EventDate "2005.11.27"]

1. d4 Nf6 2. c4 c5 3. d5 e6 4. Nc3 exd5 5. cxd5 Bd6 6. Nf3 O-O 7. g3 Bc7 8.
d6 Ba5 9. Bg2 Re8 10. O-O Nc6 11. Nd5 h6 12. Nh4 Nxd5 13. Bxd5 b6 14. f4
Qf6 15. e4 Qd4+ 16. Qxd4 cxd4 17. a3 b5 18. b4 Bb6 19. Nf5 Bb7 20. Bb2 a5
21. e5 d3+ 22. Kg2 Ra7 23. Bc3 Rea8 24. Rfd1 axb4 25. axb4 Rxa1 26. Bxa1
Ra7 27. Bc3 Kh7 28. Ne7 Ra3 29. Rxd3 Nd8 30. Bxb7 Nxb7 31. Nd5 Ba7 32. Nc7
Rb3 33. Nxb5 Bb6 34. Nc7 Nd8 35. Nd5 Ba7 36. Rd1 Nc6 37. g4 Be3 38. f5 Bg5
39. Re1 Bd2 40. Bxd2 Rd3 41. Bc3 Rxd5 42. Re4 Na7 43. e6 dxe6 44. fxe6 fxe6
45. Rd4 Rg5 46. h4 Rg6 47. d7 Nc6 48. b5 Nxd4 49. d8=Q Nxb5 50. Qd3 Nxc3
51. h5 Nd5 52. Qxg6+ Kh8 53. Qe8+ Kh7 54. Kg3 1-0

[Event "WCC"]
[Site "Khanty Mansyisk RUS"]
[Date "2005.12.05"]
[Round "3.4"]
[White "Smirin,I"]
[Black "Kamsky,G"]
[Result "0-1"]
[WhiteElo "2673"]
[BlackElo "2690"]
[EventDate "2005.11.27"]

1. e4 c5 2. Nf3 e6 3. c4 a6 4. Nc3 Qc7 5. Be2 b6 6. O-O Bb7 7. d4 cxd4 8.
Nxd4 Nf6 9. f3 Bd6 10. Kh1 Bc5 11. Be3 O-O 12. Na4 d6 13. a3 e5 14. Nf5
Bxe3 15. Nxe3 Nc6 16. Nc3 Nd4 17. Nc2 Nb3 18. Rb1 Rac8 19. Ne3 Nd4 20. Rc1
g6 21. Bd3 Nh5 22. g3 Qd8 23. Ne2 Ne6 24. Nd5 Nhg7 25. Qd2 f5 26. Qe3 Nc5
27. b4 Nxd3 28. Qxd3 h5 29. Qe3 b5 30. cxb5 Rxc1 31. Rxc1 fxe4 32. fxe4
Bxd5 33. exd5 axb5 34. Qd3 Qb6 35. Nc3 Nf5 36. Ne4 Qd4 37. Qxd4 exd4 38. h3
Ra8 39. g4 hxg4 40. hxg4 Ne3 41. Nxd6 d3 42. Ne4 Nxd5 43. Rc5 Ne3 44. Rc6
Nc4 45. Rxg6+ Kf7 46. Rg5 Rd8 47. Rxb5 Rd4 48. Rf5+ Ke7 49. Nf2 d2 50. g5
Re4 51. Rd5 Re1+ 52. Kh2 Ke6 53. Rd4 Ke5 54. Rd8 Nd6 55. Nd3+ Ke6 56. Nc5+
Kd5 57. Na4 Re2+ 58. Kg3 Re3+ 59. Kf2 d1=Q 0-1

[Event "WCC"]
[Site "Khanty Mansyisk RUS"]
[Date "2005.12.05"]
[Round "3.6"]
[White "Gelfand,B"]
[Black "Pantsulaia,L"]
[Result "1-0"]
[WhiteElo "2717"]
[BlackElo "2578"]
[EventDate "2005.11.27"]

1. Nf3 c5 2. c4 b6 3. d4 cxd4 4. Nxd4 Bb7 5. Nc3 Nf6 6. f3 e6 7. e4 d6 8.
Be3 a6 9. Be2 Be7 10. O-O O-O 11. Qd2 Nbd7 12. Rfd1 Qc7 13. Rac1 Rac8 14.
Bf1 Qb8 15. a3 Rfe8 16. b4 Bd8 17. Nb3 Ne5 18. Qxd6 Bc7 19. Qd2 h5 20. c5
b5 21. Na5 Ba8 22. a4 Ng6 23. h3 Rcd8 24. Qe1 bxa4 25. Rxd8 Rxd8 26. Nxa4
h4 27. Nb6 Nh5 28. Bf2 Bh2+ 29. Kh1 Ng3+ 30. Bxg3 Bxg3 31. Qc3 Be5 32. Qc2
Nf4 33. Nxa8 Qxa8 34. Nc4 Bd4 35. e5 Nh5 36. Kh2 Ng3 37. Bd3 Qb8 38. f4
Qxb4 39. c6 Rc8 40. Rb1 Qe7 41. Nd6 Rf8 42. c7 g5 43. Rb8 gxf4 44. Rxf8+
Kxf8 45. c8=Q+ Kg7 46. Ne8+ Kh6 47. Nf6 1-0

[Event "WCC"]
[Site "Khanty Mansyisk RUS"]
[Date "2005.12.06"]
[Round "4.1"]
[White "Bareev,E"]
[Black "Carlsen,M"]
[Result "1/2-1/2"]
[WhiteElo "2675"]
[BlackElo "2570"]
[EventDate "2005.11.27"]

1. d4 Nf6 2. c4 e6 3. Nc3 Bb4 4. Qc2 d5 5. cxd5 exd5 6. Bg5 c5 7. dxc5 h6
8. Bh4 g5 9. Bg3 Ne4 10. e3 Qa5 11. Nge2 Bf5 12. Be5 O-O 13. Nd4 Nxc3 14.
Nxf5 Ne4+ 15. Kd1 Nc6 16. Bd6 Bxc5 17. Bxc5 Nxc5 18. Nxh6+ Kh8 19. h4 g4
20. f3 d4 21. Qf5 dxe3 22. Qf6+ 1/2-1/2